[Event "AUTO-OPEN-4378"]
[Site "http://www.queenalice.com/game.php?id=1792488"]
[Date "2022.7.14"]
[Round "1"]
[White "Vedovanera"]
[Black "profeta"]
[Result "1-0"]
[WhiteElo "2362"]
[BlackElo "1572"]

1. e4 e5 2. Nf3 Nc6 3. d4 exd4 4. Bc4 Nf6 5. O-O Bc5 6. e5 d5 7. exf6 gxf6 8.
Bb5 a6 9. Re1+ Be6 10. Bxc6+ bxc6 11. Nxd4 Bxd4 12. c3 Be5 13. f4 Bd6 14. f5 O-O
15. fxe6 fxe6 16. Bh6 Re8 17. Qg4+ Kf7 18. Qg7# 1-0

[Event "AUTO-OPEN-4378"]
[Site "http://www.queenalice.com/game.php?id=1792489"]
[Date "2022.7.14"]
[Round "1"]
[White "profeta"]
[Black "Vedovanera"]
[Result "0-1"]
[WhiteElo "1663"]
[BlackElo "2354"]

1. e4 c5 2. Nc3 e6 3. Nf3 a6 4. d4 cxd4 5. Nxd4 Qc7 6. a3 b5 7. g3 Bb7 8. Bg2
Nf6 9. O-O d6 10. Nd5 exd5 11. exd5 Be7 12. Bg5 O-O 13. Nf5 Bc8 14. Bxf6 Bxf6
15. c3 Bxf5 16. Qf3 Bg6 17. Rae1 Nd7 18. Bh3 Ne5 19. Qd1 Bd3 20. f4 Bxf1 21.
Rxf1 Nc4 22. Re1 Nxb2 23. Qc2 Qxc3 24. Qxc3 Bxc3 25. Re3 Bf6 26. g4 Bd4 27. Kf2
Nd1+ 28. Ke2 Nxe3 29. Kd3 Bc5 30. g5 Rfe8 31. f5 Nxd5 32. g6 Re3+ 33. Kd2 Rxh3
34. gxf7+ Kxf7 35. a4 Bb4+ 36. Kc2 Rc8+ 37. Kb2 Ba3+ 38. Ka2 Rc2+ 39. Kb1 Rb2+
40. Ka1 Ne3 41. axb5 Nc2# 0-1

[Event "AUTO-OPEN-4382"]
[Site "http://www.queenalice.com/game.php?id=1793556"]
[Date "2022.8.1"]
[Round "1"]
[White "gmxian89"]
[Black "Vedovanera"]
[Result "1-0"]
[WhiteElo "2433"]
[BlackElo "2357"]

1. d4 Nf6 2. Nf3 c5 3. d5 d6 4. c4 g6 5. Nc3 Bg7 6. e4 Bg4 7. Be2 O-O 8. h3 Bd7
9. Bf4 Nh5 10. Bg5 f5 11. Nh4 Nf6 12. exf5 gxf5 13. Bd3 e6 14. dxe6 Bxe6 15.
Nxf5 Bxf5 16. Bxf5 Qe7+ 17. Be4 Nc6 18. O-O Qe5 19. Bxf6 Qxf6 20. Qh5 h6 21.
Rad1 Rad8 22. f4 Kh8 23. Nd5 1-0

[Event "AUTO-OPEN-4382"]
[Site "http://www.queenalice.com/game.php?id=1793584"]
[Date "2022.8.1"]
[Round "1"]
[White "maurice916"]
[Black "Vedovanera"]
[Result "0-1"]
[WhiteElo "1861"]
[BlackElo "2371"]

1. b4 Nf6 2. Bb2 e6 3. b5 d5 4. f3 Bd6 5. e3 Nbd7 6. d4 c5 7. c4 O-O 8. Nh3 b6
9. Nd2 cxd4 10. Bxd4 e5 11. Bc3 Bc5 12. Kf2 d4 13. exd4 exd4 14. Bb2 d3+ 0-1

[Event "AUTO-OPEN-4382"]
[Site "http://www.queenalice.com/game.php?id=1793585"]
[Date "2022.8.1"]
[Round "1"]
[White "Vedovanera"]
[Black "maurice916"]
[Result "1-0"]
[WhiteElo "2372"]
[BlackElo "1785"]

1. e4 e6 2. d4 d5 3. Nc3 c5 4. exd5 exd5 5. Bb5+ Bd7 6. Qe2+ Qe7 7. Be3 cxd4 8.
Bxd7+ Nxd7 9. Bxd4 Ngf6 10. O-O-O O-O-O 11. Qb5 Kb8 12. Nxd5 Nxd5 13. Qxd5 Nf6
14. Bxa7+ Kxa7 15. Qa5+ Kb8 16. Rxd8+ 1-0

[Event "AUTO-OPEN-4282"]
[Site "http://www.queenalice.com/game.php?id=1797362"]
[Date "2022.10.3"]
[Round "3"]
[White "pizzaiolo72"]
[Black "Vedovanera"]
[Result "0-1"]
[WhiteElo "2141"]
[BlackElo "2355"]

1. e4 c5 2. Nf3 e6 3. d4 cxd4 4. Nxd4 a6 5. Nc3 Qc7 6. Be3 Nf6 7. Bd3 Bb4 8. Qd2
b5 9. a3 Be7 10. b4 Bb7 11. f3 Nc6 12. O-O Rc8 13. Na2 Bd6 14. h3 Nxd4 15. Bxd4
Bh2+ 16. Kh1 Bf4 17. Be3 Be5 18. Rab1 Nh5 19. Bf2 Bf4 20. Qe1 O-O 21. g4 Ng3+
22. Bxg3 Bxg3 23. Qe2 d5 24. a4 dxe4 25. fxe4 f5 26. Kg1 fxe4 27. Rxf8+ Rxf8 28.
Bxe4 Bf2+ 29. Kh1 Qg3 0-1

[Event "AUTO-OPEN-4282"]
[Site "http://www.queenalice.com/game.php?id=1797363"]
[Date "2022.10.3"]
[Round "3"]
[White "Vedovanera"]
[Black "pizzaiolo72"]
[Result "1-0"]
[WhiteElo "2346"]
[BlackElo "2157"]

1. e4 Nf6 2. e5 Nd5 3. c4 Nb6 4. d4 d6 5. f4 dxe5 6. fxe5 Nc6 7. Be3 e6 8. Nf3
Be7 9. Nc3 O-O 10. Bd3 f5 11. exf6 Bxf6 12. O-O Nxd4 13. Nxd4 Bxd4 14. Rxf8+
Kxf8 15. Qf3+ Kg8 16. Rf1 Bf6 17. Qh5 g6 18. Bxg6 hxg6 19. Qxg6+ Bg7 20. Rf7 1-0

[Event "AUTO-OPEN-4407"]
[Site "http://www.queenalice.com/game.php?id=1801268"]
[Date "2022.12.5"]
[Round "1"]
[White "Merlin_AAC"]
[Black "Vedovanera"]
[Result "1-0"]
[WhiteElo "1925"]
[BlackElo "2375"]

1. e4 c5 2. Nf3 e6 3. Be2 Qc7 4. e5 Nc6 5. a3 d5 6. O-O Nxe5 7. d4 Nxf3+ 8. Bxf3
Nf6 9. Be3 Bd6 10. g3 O-O 11. Bg2 Bd7 12. Nd2 Rac8 13. c4 cxd4 14. Bxd4 e5 15.
Be3 d4 16. Bg5 Ne8 17. Ne4 Bc6 18. Nxd6 Nxd6 19. Bxc6 Qxc6 20. b3 Rfe8 21. Qg4
f5 22. Qh5 b5 23. Rac1 bxc4 24. Bh4 c3 25. Rfe1 Qd5 26. Qd1 d3 27. Re3 e4 28.
Re2 Nf7 29. f3 Qc5+ 30. Rf2 e3 31. g4 g5 32. Qxd3 gxh4 33. Re2 f4 34. b4 h3 35.
bxc5 1-0

[Event "AUTO-OPEN-4407"]
[Site "http://www.queenalice.com/game.php?id=1801269"]
[Date "2022.12.5"]
[Round "1"]
[White "Vedovanera"]
[Black "Merlin_AAC"]
[Result "1-0"]
[WhiteElo "2374"]
[BlackElo "1906"]

1. e4 e6 2. d4 a6 3. Bd3 Nc6 4. Nf3 h6 5. O-O d6 6. Be3 Nge7 7. Nc3 Nb4 8. Be2
d5 9. Ne5 Nec6 10. Nxf7 Kxf7 11. a3 Nxc2 12. Qxc2 Be7 13. exd5 Nb8 14. Bh5+ Kg8
15. Qg6 Qf8 16. dxe6 Nd7 17. exd7 Bxd7 18. Nd5 Be8 19. Qe6+ Kh7 20. Nxe7 Bxh5
21. Qe4+ g6 22. Nd5 Re8 23. Qh4 Kg7 24. g4 Qf7 25. Nc3 Bxg4 26. Qxg4 h5 27. Qf4
Qe6 28. d5 Qe7 29. Bd4+ Kh7 30. Bxh8 Rxh8 31. Rfe1 Qc5 32. b4 Qxc3 33. Re7+ 1-0

[Event "AUTO-OPEN-4407"]
[Site "http://www.queenalice.com/game.php?id=1801292"]
[Date "2022.12.5"]
[Round "1"]
[White "Vedovanera"]
[Black "SGF"]
[Result "1-0"]
[WhiteElo "2361"]
[BlackElo "1709"]

1. e4 e5 2. Nf3 Qf6 3. Nc3 c6 4. d4 d6 5. Be3 Be7 6. Be2 Qg6 7. O-O Bh3 8. Ne1
h5 9. dxe5 dxe5 10. Kh1 Bxg2+ 11. Nxg2 h4 12. Rg1 Qd6 13. Qxd6 Bxd6 14. Rad1 Bb4
15. Bg5 Nd7 16. Bxh4 f6 17. Bg3 g5 18. Bg4 a5 19. Bxd7+ Ke7 20. Bf5 Rd8 21. Rxd8
Kxd8 22. Rd1+ Kc7 23. Rd7+ Kb6 24. Na4+ Kb5 25. Rxb7+ Kxa4 26. Bd7 Ne7 27. f3
Ng6 28. Bxc6# 1-0

[Event "AUTO-OPEN-4407"]
[Site "http://www.queenalice.com/game.php?id=1801293"]
[Date "2022.12.5"]
[Round "1"]
[White "SGF"]
[Black "Vedovanera"]
[Result "0-1"]
[WhiteElo "1748"]
[BlackElo "2353"]

1. e4 c5 2. Qf3 Nc6 3. c3 e6 4. d3 Nf6 5. Be2 Be7 6. Qg3 O-O 7. h4 d5 8. Bh6 Ne8
9. h5 Bd6 10. f4 Qc7 11. Bxg7 Bxf4 12. Qg4 f5 13. exf5 exf5 14. Bxf8+ fxg4 15.
Bxc5 b6 16. Bd4 Nxd4 17. cxd4 Qc1+ 18. Kf2 g3+ 19. Kf3 Qe3# 0-1

[Event "AUTO-OPEN-4407"]
[Site "http://www.queenalice.com/game.php?id=1801294"]
[Date "2022.12.5"]
[Round "1"]
[White "Vedovanera"]
[Black "TammieM3ENF"]
[Result "1-0"]
[WhiteElo "2345"]
[BlackElo "1218"]

1. e4 e5 2. Nf3 Nf6 3. Nxe5 Bd6 4. Nc4 Be7 5. e5 Ne4 6. d4 d6 7. Bd3 dxe5 8.
Bxe4 exd4 9. O-O f6 10. Qh5+ g6 11. Bxg6+ Kd7 12. Bf5+ Kc6 13. Qf3+ Kb5 14.
Nba3+ Kc5 15. b4+ Kxb4 16. Qb3+ Kc5 17. Qb5# 1-0

[Event "AUTO-OPEN-4407"]
[Site "http://www.queenalice.com/game.php?id=1801295"]
[Date "2022.12.5"]
[Round "1"]
[White "TammieM3ENF"]
[Black "Vedovanera"]
[Result "0-1"]
[WhiteElo "1227"]
[BlackElo "2352"]

1. d4 Nf6 2. e4 Nxe4 3. Bd3 d5 4. Bxe4 dxe4 5. f3 exf3 6. gxf3 e5 7. Be3 Nc6 8.
Nc3 exd4 9. Bxd4 Qh4+ 10. Kd2 Qxd4+ 11. Kc1 Qxd1+ 12. Kxd1 Bf5 13. Nh3 O-O-O+
14. Nd5 Rxd5+ 15. Kc1 Bxh3 16. b3 Ba3+ 17. Kb1 Rhd8 18. Rg1 Rd1+ 19. Rxd1 Rxd1#
0-1